000 00675cam a2200217 a 4500
001 000004583
005 20200929151450.0
008 910702s1969 mx 000 0 spa
040 _aDO-SdBNP
_cDLC
_dDLC
041 1 7 _aspa
_heng
_2Código de idioma MARC
082 _ann.
_bH145m, 1969
100 1 _aHaggard, Henry Rider,
_d1856-1925.
_913377
245 1 4 _aLas minas del rey Salomón /
_cRider Haggard H.
250 _a2a ed.
260 _aMéxico :
_bDiana,
_c1969.
300 _a326 p. :
_bil. ;
_c20 cm.
534 _aTítulo original: Kins Solomo's Mines.
650 4 _aNovela inglesa
_91071
650 4 _aLiteratura inglesa
_9498
910 _aCatalogación por copia / LC
999 _c4391
_d4391